Movies Quiz

Random Movies or Letter Quiz

10-Letter Movies Slideshow Quiz Stats

 Plays Quiz Updated Jun 12, 2018

Also try: Movie Hangman
Challenge
Share
Tweet
Score 0/20 Timer 08:00
5 Plays Today
% Correct
Braveheart
97.8%
Cinderella
91.5%
Madagascar
84.9%
Caddyshack
84.9%
Chicken Run
82.3%
Goodfellas
82.2%
Dirty Harry
80.4%
Wall Street
78.1%
Flashdance
77.3%
Raging Bull
76.4%
% Correct
Taxi Driver
74.9%
Casablanca
74%
Seabiscuit
68.4%
Goldfinger
65.7%
Zombieland
62.3%
First Blood
60.9%
Moonstruck
56.4%
Unforgiven
55.2%
Awakenings
36.5%
Trainwreck
35.3%

You're not logged in!

Compare scores with friends on all Sporcle quizzes.
OR
Log In

You Might Also Like...

Show Comments

Extras

Top Quizzes Today


Score Distribution

Your Account Isn't Verified!

In order to create a playlist on Sporcle, you need to verify the email address you used during registration. Go to your Sporcle Settings to finish the process.

Report this User

Report this user for behavior that violates our Community Guidelines.

Details: